书目信息 |
| 题名: |
俄国驻北京传道团史料
|
|
| 作者: | 维谢洛夫斯基 编 ;北京第二外国语学院俄语编译组 译 | |
| 分册: | 第一册 | |
| 出版信息: | 北京 商务印书馆 1978 |
|
| 页数: | 129页 | |
| 开本: | 20cm | |
| 丛书名: | ||
| 单 册: | ||
| 中图分类: | K106 | |
| 科图分类: | ||
| 主题词: | 东正教--沙俄--史料 , 世界史:通史 | |
| 电子资源: | ||
| ISBN: | ||
| 000 | 00982nam0 2200265 45 | |
| 001 | 0178004967 | |
| 005 | 20060417113042.14 | |
| 010 | @dCNY0.51 | |
| 091 | @a11017.417 | |
| 100 | @a19950714d1978 em y0chiy0121 ea | |
| 101 | 0 | @achi |
| 102 | @aCN@b110000 | |
| 105 | @ay z 000yy | |
| 200 | 10 | @a俄国驻北京传道团史料@Ae guo zhu bei jing chuan dao tuan shi liao@h第一册@f(俄)尼·伊·维谢洛夫斯基编@F(e)ni·yi·wei xie luo fu si ji bian@g北京第二外国语学院俄语编译组译 |
| 210 | @a北京@c商务印书馆@d1978 | |
| 215 | @a129页@d20cm | |
| 300 | @a内部发行 | |
| 510 | 1 | @a书名原文:Матерцащ для исторцц российскй духорной шцссии риерине |
| 606 | @a东正教@y沙俄@x史料 | |
| 606 | 0 | @a世界史:通史 |
| 690 | @aK106@v3 | |
| 701 | 0 | @a维谢洛夫斯基@Awei xie luo fu si ji@4编 |
| 712 | 02 | @a北京第二外国语学院俄语编译组@Abei jing di er wai guo yu xue yuan e yu bian yi zu@4译 |
| 801 | 0 | @aCN@bTSSF@c20060417 |
| 905 | @a10447@dK106@e1 | |
| 俄国驻北京传道团史料.第一册/(俄)尼·伊·维谢洛夫斯基编/北京第二外国语学院俄语编译组译.-北京:商务印书馆,1978 |
| 129页;20cm |
| 内部发行 |
| ISBN :CNY0.51 |
| ● |
| 相关链接 |
|
|
|
|
正题名:俄国驻北京传道团史料
索取号:K106/1
 
预约/预借
| 序号 | 登录号 | 条形码 | 馆藏地/架位号 | 状态 | 备注 |
| 1 | 0004503 | 202240459 | 密集书库/ [索取号:K106/1] | 在馆 |